000 00472nam a22001817a 4500
008 170329b xxu||||| |||| 00| p tur d
020 _a9750809173
041 _atur
050 _aPL248.D5882
100 _aDoğan, Mehmet Can
_9114
245 _aŞaman
250 _a1. Baskı
260 _aİstanbul
_bYapı Kredi Yayınları
_cMart 2005
300 _a104 sayfa
500 _aYapı Kredi Yayınları 2172 Şiir 192
650 0 _9145
_aTürk Edebiyatı
942 _2lcc
_cBK
999 _c78
_d76